000 00295nam a2200133Ia 4500
005 20260328101526.0
008 260328s9999||||xx |||||||||||||| ||und||
100 _aLinz, Barbara
245 0 _aGlass /
_cBarbara Linz
260 _bFullmann
300 _a287 p.
650 _aFACHADAS
942 _cBK
999 _c9792
_d9792